Nové trendy v oblasti riadenia ľudských zdrojov

Definícia pojmu riadenie ľudských zdrojov. Medzinárodné dimenzie v riadení ľudských zdrojov. Globálne trendy v riadení ľudských zdrojov. Rozvoj manažérskych zručností a vzdelávanie. Angažovanosť zamestnancov. Funkcie manažmentu ľudských zdrojov sú v Európe podceňované a vzniká potreba prehodnotenia...

Ausführliche Beschreibung

Gespeichert in:
Bibliographische Detailangaben
1. Verfasser: Chovanec, Rastislav
Format: Buchkapitel
Sprache:Slowakisch
Schlagworte:
Tags: Tag hinzufügen
Keine Tags, Fügen Sie das erste Tag hinzu!

MARC

LEADER 00000naa$a2200000$$$4500
001 0039034
005 20240502071502.2
041 0 |a slo 
044 |a SK 
245 1 0 |a Nové trendy v oblasti riadenia ľudských zdrojov  |c Rastislav Chovanec 
520 |a Definícia pojmu riadenie ľudských zdrojov. Medzinárodné dimenzie v riadení ľudských zdrojov. Globálne trendy v riadení ľudských zdrojov. Rozvoj manažérskych zručností a vzdelávanie. Angažovanosť zamestnancov. Funkcie manažmentu ľudských zdrojov sú v Európe podceňované a vzniká potreba prehodnotenia ich funkcií. 
610 2 0 |a zdroje ľudské 
610 2 0 |a riadenie ľudských zdrojov 
610 2 0 |a definície 
610 2 0 |a zručnosti 
610 2 0 |a Európa 
610 2 0 |a USA 
100 1 |a Chovanec, Rastislav